Host plants, population dynamics, species diversity, biology and management of vegetable leaf miner / (Record no. 16574)

MARC details
000 -LEADER
fixed length control field 01076nam a22002777a 4500
003 - CONTROL NUMBER IDENTIFIER
control field BD-DhSAU
005 - DATE AND TIME OF LATEST TRANSACTION
control field 20230206110918.0
008 - FIXED-LENGTH DATA ELEMENTS--GENERAL INFORMATION
fixed length control field 150612b2021 bg ad||| m||| 00| 0 eng d
040 ## - CATALOGING SOURCE
Original cataloging agency BD-DhSAU
082 ## - DEWEY DECIMAL CLASSIFICATION NUMBER
Edition number 22
Classification number 59537
Item number D2601
100 ## - MAIN ENTRY--PERSONAL NAME
Personal name DAS, KRISHNA RANI
Dates associated with a name Registration No # 18-09067
245 ## - TITLE STATEMENT
Title Host plants, population dynamics, species diversity, biology and management of vegetable leaf miner /
Remainder of title Ph.D. Thesis
260 ## - PUBLICATION, DISTRIBUTION, ETC. (IMPRINT)
Place of publication, distribution, etc. Sher-e-Bangla Agricultural University:
Name of publisher, distributor, etc. Department of Plant Pathology,
Date of publication, distribution, etc. 2021
300 ## - PHYSICAL DESCRIPTION
Extent xxvi, 244p. :
Other physical details ill. ;
Dimensions 30 cm.
500 ## - GENERAL NOTE
General note Ph.D. thesis <br/>
504 ## - BIBLIOGRAPHY, ETC. NOTE
Bibliography, etc Includes bibliographical reference.
590 ## - Name of Cataloguer
Name of Cataloger Nazmul
650 ## - SUBJECT ADDED ENTRY--TOPICAL TERM
Topical term or geographic name as entry element host plants, population dynamics,
650 ## - SUBJECT ADDED ENTRY--TOPICAL TERM
Topical term or geographic name as entry element species diversity, biology
651 ## - SUBJECT ADDED ENTRY--GEOGRAPHIC NAME
Geographic name management of vegetable leaf miner
654 ## - SUBJECT ADDED ENTRY--FACETED TOPICAL TERM
Focus term grey blight disease of mustard
700 ## - ADDED ENTRY--PERSONAL NAME
Personal name Prof. Dr. Md. Abdul Latif
Relator term Chairman
710 ## - ADDED ENTRY--CORPORATE NAME
Relator code rof. Dr. Md. Mizanur Rahman
Corporate name or jurisdiction name as entry element Member
856 ## - ELECTRONIC LOCATION AND ACCESS
Uniform Resource Identifier <a href="http://archive.saulibrary.edu.bd:8080/xmlui/handle/123456789/4780">http://archive.saulibrary.edu.bd:8080/xmlui/handle/123456789/4780</a>
942 ## - ADDED ENTRY ELEMENTS (KOHA)
Source of classification or shelving scheme Dewey Decimal Classification
Koha item type PhD Thesis
Holdings
Withdrawn status Lost status Source of classification or shelving scheme Damaged status Not for loan Collection code Home library Branch Name Date acquired Total Checkouts Full call number Barcode Date last seen Price effective from Koha item type
    Dewey Decimal Classification   Not For Loan Reference SAU Library SAU Library 06/02/2023   59537 D2601 44446 06/02/2023 06/02/2023 PhD Thesis